000 00359pam a2200145 a 4500
020 _a81-224-1923-2
_c
041 _h
082 _a658.4092
100 _aBHATTI, J.R.
245 _aTOTAL QUALITY LEADERSHIP
_hTextual Documents
260 _aNEW DELHI
_bNEW AGE INTERNATIONAL LTD PUBLISHERS
_c2007
300 _a323
653 _aLEADERSHIP
930 _a19879
999 _c138956
_d138956